000 00480nam a2200169Ia 4500
999 _c7624
_d7624
003 OSt
005 20200114143559.0
008 190216s9999||||xx |||||||||||||| ||und||
020 _a8174732241
040 _coclc
082 _a302.35
_bKAI/O
100 1 _aKaila, H. L.
_91200
245 0 _aOrganizational Behaviour & HRM /
_cDr. H L Kaila
260 _bAITBS Publishers,
_c2003.
_aDelhi :
300 _a192p
942 _cBK
_2ddc
_h302.35
_iKAI/O
_k302.35
_mKAI/O